000 00325nam a22001337a 4500
020 _a422 73110 2
082 _a658.154HOF
100 _aHofstede G.H
245 _aThe game of budget control
260 _aLondon
_bTavistock Publication
_c1968
300 _a363p
_bill,;18cm
500 _aInclude Appendix, Index
942 _cBK
999 _c13149
_d13149